Můj zakrslý králík a já : [s přílohami na rozkládacích stránkách] /

Hlavní autor: Wegler, Monika, 1949-
Další autoři: Holzner, Renate, Linke-Grün, Gabriele
Jazyk: Čeština
Vydáno: Praha : Jan Vašut, 2006
Vydání: České vyd. 1.
Edice: Máme rádi zvířata
Témata:
Fyzický popis: 64 s. : barev. il. ; 20 cm
Knihy
Uloženo v:
LEADER 02058nam a2200565 a 4500
001 nkc20061646526
003 CZ PrNK
005 20110718103330.0
007 ta
008 060310s2006 xr a c f 001 0 cze
015 |a cnb001646526 
020 |a 80-7236-448-0  |q (brož.) 
035 |a (OCoLC)85527358 
040 |a BOA001  |b cze  |d OLA001  |d ABA001 
041 1 |a cze  |h ger 
072 7 |a 636  |x Chov zvířat. Živočišná výroba  |2 Konspekt  |9 24 
072 7 |a 0/9-053.2  |x Literatura pro děti a mládež (naučná)  |2 Konspekt  |9 26 
080 |a 636.92  |2 MRF 
080 |a 636.05-022.51  |2 MRF 
080 |a 636.08  |2 MRF 
080 |a (035)  |2 MRF 
080 |a (0.053.2)  |2 MRF 
100 1 |a Wegler, Monika,  |d 1949-  |7 jn20001005501  |4 aut  |4 pht 
245 1 0 |a Můj zakrslý králík a já :  |b [s přílohami na rozkládacích stránkách] /  |c Monika Weglerová ; kresby Renate Holznerová ; příběhy Gabriele Linkeová-Grünová 
246 3 0 |a Zakrslý králík a já 
250 |a České vyd. 1. 
260 |a Praha :  |b Jan Vašut,  |c 2006 
300 |a 64 s. :  |b barev. il. ;  |c 20 cm 
490 1 |a Máme rádi zvířata 
500 |a Přeloženo z němčiny 
500 |a Obsahuje rejstřík 
650 0 7 |a králíci  |7 ph121990  |2 czenas 
650 0 7 |a zakrslá plemena  |7 ph238354  |2 czenas 
650 0 7 |a chov domácích zvířat  |7 ph119200  |2 czenas 
650 0 9 |a rabbits  |2 eczenas 
650 0 9 |a dwarf breeds  |2 eczenas 
650 0 9 |a keeping of domestic animals  |2 eczenas 
655 7 |a příručky  |7 fd133209  |2 czenas 
655 7 |a publikace pro děti  |7 fd133156  |2 czenas 
655 9 |a handbooks and manuals  |2 eczenas 
655 9 |a children's literature  |2 eczenas 
700 1 |a Holzner, Renate  |7 jn20000810205  |4 ill 
700 1 |a Linke-Grün, Gabriele  |7 mzk2006337428  |4 aut 
765 0 |t Mein Zwergkaninchen und ich  |9 Česky 
830 0 |a Máme rádi zvířata  |0 s 
910 2 |a BOA001  |b 2-1166.431 
990 |a BK 
995 |a 01 
991 |b 200604  |c NOV 
996 6 |b 2610276187  |c 2-1166.431  |l MZK  |r Sklad / do 1 hodiny  |n 4  |p p.v.  |w 000812145  |u 000010  |a 1  |e BOA001  |j MZK50  |s P